书目信息 |
| 题名: |
实用计算机地质制图
|
|
| 作者: | 黄健全 罗明高 胡雪涛 | |
| 分册: | ||
| 出版信息: | 北京 地质出版社 1998 |
|
| 页数: | 222页 | |
| 开本: | 26cm | |
| 丛书名: | ||
| 单 册: | ||
| 中图分类: | P285.1 | |
| 科图分类: | ||
| 主题词: | 地图学 | |
| 电子资源: | ||
| ISBN: | 7-116-02603-7 | |
| 000 | 00598nam0 2200181 450 | |
| 001 | 0736196517 | |
| 005 | 20070924100316.51 | |
| 010 | @a7-116-02603-7@d¥30.00 | |
| 100 | @a20070924d km y0chiy0120 ea | |
| 101 | 0 | @achi |
| 200 | 1 | @a实用计算机地质制图@Ashi yong ji suan ji di zhi zhi tu@f黄健全 罗明高 胡雪涛@Fhuang jian quan luo ming gao hu xue tao |
| 210 | @a北京@c地质出版社@d1998 | |
| 215 | @a222页@c插图@d26cm | |
| 606 | 0 | @a地图学 |
| 690 | @aP285.1@v3 | |
| 701 | 0 | @a黄健全 罗明高 胡雪涛@Ahuang jian quan luo ming gao hu xue tao |
| 801 | 0 | @aCN@bPFT@c20070924 |
| 905 | @a213230@dP285.1@eZY17@f1 | |
| 实用计算机地质制图/黄健全 罗明高 胡雪涛.-北京:地质出版社,1998 |
| 222页:插图;26cm |
| ISBN 7-116-02603-7:¥30.00 |
| ● |
| 相关链接 |
|
|
|
|
正题名:实用计算机地质制图
索取号:P285.1/ZY17
 
预约/预借
| 序号 | 登录号 | 条形码 | 馆藏地/架位号 | 状态 | 备注 |
| 1 | 7900726 | 279007263 | 资源管理系资料室/ [索取号:P285.1/ZY17] | 在馆 |